Kannst du alle Bahnhöfe der Linie S8 erraten? - Statistiken

Allgemein
  • Dieses Quiz wurde 32 mal gespielt
  • Das Durchschnittsergebnis liegt bei 22 aus 38
Antwortstatistiken
Antwort % Korrekt
Düsseldorf Hauptbahnhof
96%
Mönchengladbach Hauptbahnhof
84%
Wuppertal-Oberbarmen
84%
Düsseldorf-Bilk
80%
Wuppertal-Barmen
80%
Hagen Hauptbahnhof
76%
Wuppertal Hauptbahnhof
76%
Haan-Gruiten
72%
Wuppertal-Vohwinkel
72%
Düsseldorf-Friedrichstadt
68%
Wuppertal-Unterbarmen
68%
Wuppertal Zoologischer Garten
68%
Neuss Hauptbahnhof
64%
Düsseldorf-Hamm
60%
Düsseldorf-Flingern
56%
Düsseldorf-Gerresheim
56%
Düsseldorf Völklinger Straße
56%
Gevelsberg Hauptbahnhof
56%
Korschenbroich
56%
Mönchengladbach-Lürrip
56%
Neuss Am Kaiser
56%
Schwelm
56%
Kleinenbroich
52%
Neuss Rheinparkcenter
52%
Büttgen
48%
Erkrath
48%
Wuppertal-Sonnborn
48%
Wuppertal-Steinbeck
48%
Gevelsberg-Kipp
44%
Gevelsberg West
44%
Schwelm West
44%
Wuppertal-Langerfeld
44%
Gevelsberg-Knapp
40%
Hagen-Heubing
36%
Hagen-Westerbauer
36%
Hochdahl
36%
Hochdahl-Millrath
36%
Hagen-Wehringhausen
32%
Keine übereinstimmenden Quizze gefunden
Verteilung der Resultate
Anzahl Personen mit jedem Resultat
Perzentil nach korrekt beantworteten Fragen
Ihre Resultats-Entwicklung
Sie haben dieses Quiz noch nicht gespielt